[Event "International Chess Tournament Paracin 2"]
[Site "Paracin, Serbia"]
[Date "2021.07.14"]
[Round "7.1"]
[White "Gharibyan, Mamikon"]
[Black "Sturt, Raven"]
[Result "1-0"]
[WhiteElo "2464"]
[BlackElo "2500"]
[PlyCount "127"]
[EventDate "2021.??.??"]

1. d4 d5 2. c4 c6 3. Nf3 Nf6 4. e3 Bf5 5. Nc3 e6 6. Nh4 Bg6 7. Nxg6 hxg6 8. Rb1
Bd6 9. c5 Bc7 10. b4 e5 11. g3 O-O 12. Bg2 a6 13. O-O e4 14. a4 Re8 15. b5 Ba5
16. Ne2 b6 17. Ba3 axb5 18. axb5 Qd7 19. bxc6 Qxc6 20. cxb6 Bxb6 21. Qb3 Nbd7
22. Rfc1 Qa4 23. Qxa4 Rxa4 24. Bd6 Ra6 25. Rc6 Rea8 26. Bh3 g5 27. Be7 Ra1 28.
Rxa1 Rxa1+ 29. Bf1 Ba5 30. Ra6 Kh7 31. h3 Kg6 32. h4 g4 33. Nf4+ Kf5 34. Kg2
Bc3 35. Rxa1 Bxa1 36. Ba6 Nb6 37. Bd8 Nfd7 38. Bb5 Bc3 39. h5 f6 40. Bc6 Bb4
41. Nxd5 Nxd5 42. Bxd5 Bd6 43. Kf1 Nf8 44. Bb7 Kg5 45. Bxe4 Kxh5 46. Bf5 g6 47.
Bc8 f5 48. Bb6 Kg5 49. Bd8+ Kh5 50. Ke2 Nh7 51. Bb6 Kg5 52. Bc5 Bxc5 53. dxc5
Nf6 54. c6 Ne8 55. Bd7 Nc7 56. Kd3 Kf6 57. Kd4 Ke7 58. e4 Kf6 59. e5+ Ke7 60.
Kc5 Na8 61. Kb5 Kd8 62. Ka6 Kc7 63. e6 Nb6 64. e7 1-0

[Event "International Chess Tournament Paracin 2"]
[Site "Paracin, Serbia"]
[Date "2021.07.14"]
[Round "7.2"]
[White "Muradli, Mahammad"]
[Black "Bryakin, Mikhail"]
[Result "1-0"]
[WhiteElo "2461"]
[BlackElo "2463"]
[PlyCount "115"]
[EventDate "2021.??.??"]

1. c4 e5 2. d3 Nf6 3. Nf3 Nc6 4. a3 a5 5. Nc3 Bc5 6. Bg5 h6 7. Bh4 g5 8. Bg3 d6
9. e3 h5 10. h4 g4 11. d4 exd4 12. Nxd4 Qe7 13. Be2 Be6 14. O-O O-O 15. Bf4 Nh7
16. g3 Ne5 17. Qc2 Rfe8 18. Rad1 Bxd4 19. exd4 Nf3+ 20. Kg2 Qf6 21. Bd3 Nf8 22.
Bg5 Nxg5 23. hxg5 Qxg5 24. Ne4 Qg7 25. Rh1 f5 26. Nc3 Bf7 27. Ne2 Qg5 28. Rde1
Re6 29. Bxf5 Rf6 30. Bd3 Re8 31. Nc3 Rxe1 32. Rxe1 Re6 33. Rh1 Rh6 34. Ne4 Qg7
35. Qd2 b6 36. Ng5 Ne6 37. Nxf7 Kxf7 38. Be4 Qg5 39. Qd3 h4 40. Bd5 h3+ 41. Kh2
c6 42. Bxc6 Qf6 43. Rf1 Nxd4 44. Bd5+ Kg7 45. Qe3 Rh5 46. Be4 Rc5 47. Bd5 Nf3+
48. Kh1 Ne5 49. b4 axb4 50. axb4 Rc8 51. Qxb6 Qe7 52. Qd4 Kg6 53. b5 Rb8 54. b6
Qf6 55. b7 Qe7 56. c5 dxc5 57. Qe4+ Kg7 58. Re1 1-0

[Event "International Chess Tournament Paracin 2"]
[Site "Paracin, Serbia"]
[Date "2021.07.14"]
[Round "7.4"]
[White "Babazada, Khazar"]
[Black "Petrosyan, Manuel"]
[Result "0-1"]
[WhiteElo "2409"]
[BlackElo "2632"]
[PlyCount "108"]
[EventDate "2021.??.??"]

1. e4 e5 2. Nf3 Nc6 3. Bb5 a6 4. Ba4 Nf6 5. O-O b5 6. Bb3 Bc5 7. a4 Rb8 8. axb5
axb5 9. c3 d6 10. d4 Bb6 11. Na3 O-O 12. Nxb5 Bg4 13. Bc2 exd4 14. Nbxd4 Nxd4
15. cxd4 Bxf3 16. gxf3 Nh5 17. f4 Qh4 18. Ra3 d5 19. exd5 Nxf4 20. Qf3 Ng6 21.
Ra4 Rbd8 22. Qg2 h6 23. Kh1 Rd6 24. Rg1 Re8 25. Be3 Qf6 26. Rc4 Nh4 27. Qg4
Rxd5 28. Ba4 Red8 29. Bc6 R5d6 30. d5 Bxe3 31. fxe3 Qf3+ 32. Qxf3 Nxf3 33. Ra1
Ne5 34. Rcc1 Rb8 35. Rc2 Nxc6 36. dxc6 Rb6 37. Ra8+ Kh7 38. Ra7 Rdxc6 39. Rxc7
Rxc7 40. Rxc7 Kg6 41. Rc2 Rb3 42. Re2 Kf5 43. Rf2+ Ke6 44. Re2 Ke5 45. Kg2 Ke4
46. Kf2 Kd3 47. Ke1 f5 48. Kf2 Rb4 49. Kf3 g5 50. Re1 g4+ 51. Kg3 Rxb2 52. Rf1
Ke4 53. Rf4+ Ke5 54. h3 Re2 0-1

[Event "International Chess Tournament Paracin 2"]
[Site "Paracin, Serbia"]
[Date "2021.07.14"]
[Round "7.5"]
[White "Postny, Evgeny"]
[Black "Sankalp, Gupta"]
[Result "1-0"]
[WhiteElo "2578"]
[BlackElo "2429"]
[PlyCount "109"]
[EventDate "2021.??.??"]

1. d4 Nf6 2. Bg5 e6 3. e4 h6 4. Bxf6 Qxf6 5. Nf3 d5 6. Bd3 Qd8 7. O-O Be7 8.
Nc3 O-O 9. Re1 Bf6 10. e5 Be7 11. Ne2 c5 12. c3 Nd7 13. Nf4 Rb8 14. Bc2 c4 15.
Nd2 Bg5 16. Nh5 f5 17. f4 Bh4 18. g3 Be7 19. g4 g6 20. gxf5 exf5 21. Kh1 Kh7
22. Ng3 Nb6 23. Rg1 Be6 24. Nf3 Nd7 25. Nf1 b5 26. a3 Rf7 27. Ne3 Qh8 28. Rg3
Rg8 29. Qg1 Rgg7 30. Qg2 Qd8 31. Rg1 Nf8 32. Bd1 Kg8 33. Be2 a5 34. Bd1 b4 35.
axb4 axb4 36. h4 Bxh4 37. Rh3 Be7 38. Rxh6 Rh7 39. Rh2 bxc3 40. bxc3 Qa5 41.
Qc2 Rfg7 42. Rgg2 Qa1 43. Qb2 Qa5 44. Rxh7 Nxh7 45. Bc2 Ba3 46. Qa1 Nf8 47. Bd1
Qa8 48. Ng5 Ra7 49. Nxe6 Nxe6 50. Rxg6+ Ng7 51. Bf3 Bc1 52. Qxc1 Ra1 53. Bxd5+
Qxd5+ 54. Nxd5 Rxc1+ 55. Rg1 1-0

[Event "International Chess Tournament Paracin 2"]
[Site "Paracin, Serbia"]
[Date "2021.07.14"]
[Round "7.6"]
[White "Kosic, Dragan"]
[Black "Aleksandrov, Aleksej"]
[Result "1/2-1/2"]
[WhiteElo "2419"]
[BlackElo "2535"]
[PlyCount "49"]
[EventDate "2021.??.??"]

1. d4 Nf6 2. Nf3 d5 3. Bf4 c5 4. dxc5 e6 5. e3 Bxc5 6. Nbd2 O-O 7. a3 b6 8. Bd3
Bb7 9. c4 Nbd7 10. cxd5 Nxd5 11. Bg3 Be7 12. O-O N5f6 13. Rc1 Nc5 14. Be2 Rc8
15. Be5 a5 16. Bb5 Nfe4 17. Nxe4 Bxe4 18. b4 axb4 19. axb4 Qxd1 20. Rfxd1 Nb3
21. Rxc8 Rxc8 22. Nd4 Nxd4 23. Bxd4 Bxb4 24. Bxb6 Rb8 25. Rd8+ 1/2-1/2

[Event "International Chess Tournament Paracin 2"]
[Site "Paracin, Serbia"]
[Date "2021.07.14"]
[Round "7.7"]
[White "Budisavljevic, Luka"]
[Black "Polschikov, Alexey"]
[Result "1/2-1/2"]
[WhiteElo "2509"]
[BlackElo "2420"]
[PlyCount "49"]
[EventDate "2021.??.??"]

1. d4 d5 2. c4 dxc4 3. Nf3 a6 4. e3 b5 5. a4 Bb7 6. b3 Nf6 7. bxc4 bxc4 8. Bxc4
e6 9. O-O Nbd7 10. Nc3 c5 11. Rb1 Qc7 12. Ba2 cxd4 13. exd4 Rb8 14. Bb2 Bb4 15.
Rc1 Qf4 16. d5 Bxc3 17. Bxc3 Nxd5 18. Bd2 Qf6 19. Bg5 Qb2 20. Bxd5 Bxd5 21. Bf4
Rd8 22. Bd6 Nf6 23. Bc7 Rc8 24. Bd6 Rd8 25. Bc7 1/2-1/2

[Event "International Chess Tournament Paracin 2"]
[Site "Paracin, Serbia"]
[Date "2021.07.14"]
[Round "7.8"]
[White "Nikitenko, Mihail"]
[Black "Pikula, Dejan"]
[Result "1-0"]
[WhiteElo "2472"]
[BlackElo "2384"]
[PlyCount "113"]
[EventDate "2021.??.??"]

1. e4 c6 2. d3 e5 3. Nf3 Nf6 4. Nbd2 d6 5. g3 Be7 6. Bg2 O-O 7. O-O Re8 8. a4
Bf8 9. Re1 Nbd7 10. b3 b6 11. Bb2 Bb7 12. d4 Qc7 13. c4 exd4 14. Nxd4 Rad8 15.
a5 d5 16. a6 Ba8 17. cxd5 cxd5 18. Rc1 Qb8 19. exd5 Rxe1+ 20. Qxe1 Nxd5 21. Ne4
Nc5 22. Nxc5 bxc5 23. Nf5 Nb4 24. Bxa8 Qxa8 25. Nh6+ gxh6 26. Qe5 Rd4 27. Bxd4
cxd4 28. Qxd4 Qf3 29. Qxa7 Qe2 30. Rc4 Qd1+ 31. Kg2 Qd5+ 32. f3 h5 33. Qd4 Qxd4
34. Rxd4 Nxa6 35. Rh4 Kg7 36. Rxh5 h6 37. Ra5 Nb4 38. f4 Kf6 39. Kf3 Ke6 40.
Ke4 Nc6 41. Rd5 Nb4 42. Rb5 Nc6 43. g4 Kd6 44. g5 hxg5 45. fxg5 Be7 46. h4 Nd8
47. Rd5+ Kc6 48. Re5 Kd6 49. b4 Ne6 50. b5 Nc5+ 51. Kf5 Bd8 52. Re1 Ne6 53.
Rd1+ Ke7 54. h5 Bb6 55. Re1 Kd6 56. h6 Nd4+ 57. Kg4 1-0

[Event "International Chess Tournament Paracin 2"]
[Site "Paracin, Serbia"]
[Date "2021.07.14"]
[Round "7.9"]
[White "Aditya, Mittal"]
[Black "Abergel, Thal"]
[Result "1-0"]
[WhiteElo "2438"]
[BlackElo "2414"]
[PlyCount "115"]
[EventDate "2021.??.??"]

1. d4 Nf6 2. c4 c5 3. d5 e6 4. Nc3 d6 5. e4 g6 6. Be2 Bg7 7. Nf3 O-O 8. Be3
exd5 9. cxd5 Bg4 10. Nd2 Bxe2 11. Qxe2 Nbd7 12. O-O a6 13. a4 b6 14. Nc4 Ne8
15. Bf4 Qe7 16. Rfe1 Rb8 17. Bg3 Bd4 18. Kh1 f6 19. Rad1 Ne5 20. Nd2 b5 21.
axb5 Bxc3 22. bxc3 axb5 23. f4 Nf7 24. Nf3 Ng7 25. e5 Nf5 26. e6 N7h6 27. Bf2
b4 28. c4 Ng4 29. h3 Nxf2+ 30. Qxf2 Ng7 31. Ra1 Ra8 32. Ra2 Rxa2 33. Qxa2 Nh5
34. Ra1 Nxf4 35. Qa7 Qxa7 36. Rxa7 Ne2 37. Nd2 f5 38. Rd7 Ng3+ 39. Kg1 Ne4 40.
Nb3 f4 41. Kf1 f3 42. e7 fxg2+ 43. Kxg2 Re8 44. h4 Kf7 45. Kf3 Nf6 46. Rxd6
Kxe7 47. Re6+ Kf7 48. Rc6 Rb8 49. Rxc5 Rb7 50. Na5 Ra7 51. Rb5 h6 52. Nc6 Ra3+
53. Kf4 Nh5+ 54. Ke5 Re3+ 55. Kd4 Rh3 56. Rxb4 Rxh4+ 57. Ke5 g5 58. d6 1-0

[Event "International Chess Tournament Paracin 2"]
[Site "Paracin, Serbia"]
[Date "2021.07.14"]
[Round "7.10"]
[White "Ahmadzada, Ahmad"]
[Black "Pranav, V."]
[Result "1/2-1/2"]
[WhiteElo "2431"]
[BlackElo "2366"]
[PlyCount "108"]
[EventDate "2021.??.??"]

1. d4 Nf6 2. Nf3 e6 3. Bf4 c5 4. e3 cxd4 5. exd4 b6 6. Nbd2 Be7 7. c3 Ba6 8.
Bxa6 Nxa6 9. O-O O-O 10. a4 Nc7 11. Ne5 Ncd5 12. Bg3 a6 13. Qe2 Qc8 14. c4 Nb4
15. Rac1 Qb7 16. Bh4 d6 17. Nd3 Nxd3 18. Qxd3 d5 19. b3 Rfd8 20. Nf3 Rac8 21.
Rfd1 h6 22. h3 a5 23. Ne5 dxc4 24. bxc4 Nd7 25. Bxe7 Nxe5 26. Qa3 Rd7 27. dxe5
Rxe7 28. Rd6 Rec7 29. Qb3 Qe4 30. Qxb6 Qxe5 31. Rd3 Kh7 32. Qb5 Qxb5 33. axb5
Rxc4 34. Rxc4 Rxc4 35. Ra3 a4 36. b6 Rb4 37. b7 g5 38. h4 gxh4 39. Rxa4 Rxb7
40. Rxh4 Kg6 41. g3 f5 42. Rc4 e5 43. Kg2 Rb2 44. Rc6+ Kg5 45. Rc8 e4 46. Re8
h5 47. Rg8+ Kf6 48. Rf8+ Kg6 49. Rg8+ Kf7 50. Rg5 Kf6 51. Rxh5 e3 52. Kf3 exf2
53. Rh1 Kg5 54. Rc1 Ra2 1/2-1/2

[Event "International Chess Tournament Paracin 2"]
[Site "Paracin, Serbia"]
[Date "2021.07.14"]
[Round "7.11"]
[White "Yankelevich, Lev"]
[Black "Safarli, Eltaj"]
[Result "1/2-1/2"]
[WhiteElo "2389"]
[BlackElo "2604"]
[PlyCount "41"]
[EventDate "2021.??.??"]

1. d4 Nf6 2. c4 e6 3. Nc3 Bb4 4. Qc2 O-O 5. Nf3 d6 6. Bd2 Nc6 7. a3 Bxc3 8.
Bxc3 Qe7 9. e3 e5 10. d5 Nb8 11. Nd2 a5 12. b3 Re8 13. Be2 Bg4 14. Bxg4 Nxg4
15. O-O Nd7 16. h3 Nh6 17. e4 Qg5 18. Nf3 Qh5 19. Bd2 f5 20. Bxh6 fxe4 21. Ng5
1/2-1/2

[Event "International Chess Tournament Paracin 2"]
[Site "Paracin, Serbia"]
[Date "2021.07.14"]
[Round "7.12"]
[White "Suleymanli, Aydin"]
[Black "Sargsyan, Anna M"]
[Result "1-0"]
[WhiteElo "2563"]
[BlackElo "2397"]
[PlyCount "103"]
[EventDate "2021.??.??"]

1. d4 d5 2. c4 c6 3. Nf3 Nf6 4. Qc2 dxc4 5. e4 b5 6. b3 cxb3 7. axb3 e6 8. Bd2
a5 9. Bd3 Be7 10. O-O h6 11. Rc1 O-O 12. Nc3 b4 13. Na4 Ba6 14. Bxa6 Rxa6 15.
Qd3 Qc7 16. Rc2 Rd8 17. Rac1 Qb7 18. Bf4 Nbd7 19. h3 Qb5 20. Qe3 Rc8 21. g4 h5
22. g5 Ne8 23. h4 g6 24. d5 c5 25. Ne5 Nxe5 26. Bxe5 exd5 27. exd5 c4 28. Bg3
Bf8 29. Rxc4 Rxc4 30. Rxc4 Qxd5 31. Nb6 Qb5 32. Rc8 Rxb6 33. Rxe8 Re6 34. Rxe6
fxe6 35. Qxe6+ Kh7 36. Be5 Qb7 37. f4 Qa7+ 38. Kg2 Qb7+ 39. Kf2 Qa7+ 40. Kf3
Qb7+ 41. Ke3 Bc5+ 42. Kd3 Qb5+ 43. Kd2 Qb7 44. Qc4 Qg2+ 45. Kd1 Qg4+ 46. Kc2
Qf5+ 47. Kb2 Qf8 48. f5 gxf5 49. Qe6 Qe7 50. Qxf5+ Kg8 51. g6 Qb7 52. Qe6+ 1-0

[Event "International Chess Tournament Paracin 2"]
[Site "Paracin, Serbia"]
[Date "2021.07.14"]
[Round "7.13"]
[White "Iskandarov, Misratdin"]
[Black "Simantsev, Mikhail"]
[Result "1-0"]
[WhiteElo "2533"]
[BlackElo "2398"]
[PlyCount "119"]
[EventDate "2021.??.??"]

1. c4 Nf6 2. Nc3 e5 3. Nf3 Nc6 4. e3 Bb4 5. Qc2 O-O 6. Nd5 a5 7. Ng5 g6 8. h4
Be7 9. a3 Nxd5 10. cxd5 Nb8 11. d4 exd4 12. exd4 d6 13. Be3 Nd7 14. O-O-O Nf6
15. h5 Bf5 16. Bd3 Qd7 17. hxg6 hxg6 18. Bxf5 Qxf5 19. Qxf5 gxf5 20. Nf3 Nxd5
21. Rh5 f4 22. Rxd5 fxe3 23. fxe3 Kg7 24. Rb5 b6 25. Kd2 Rg8 26. Rc1 Bd8 27.
Rf5 Kf8 28. Rg1 Rg7 29. a4 Be7 30. Kd3 Ke8 31. d5 Kd7 32. Nd4 Rag8 33. g4 Ke8
34. Rf4 Bg5 35. Re4+ Kd7 36. Nf5 Rh7 37. Rf1 Rh3 38. Nd4 Rh7 39. b3 Rgh8 40.
Rf5 Rg8 41. Nc6 Rhg7 42. Kc4 Bh4 43. Kb5 Re8 44. Rff4 Rxe4 45. Rxe4 Bg5 46.
Nb8+ Kd8 47. Kc6 Rh7 48. Na6 f6 49. Kb7 Rf7 50. Rc4 c5+ 51. Kxb6 Bxe3 52. Nb8
Kc8 53. Re4 Rb7+ 54. Kc6 Kxb8 55. Rxe3 Rb4 56. Kxd6 c4 57. bxc4 Rxc4 58. Ke7
Rxg4 59. d6 Rg7+ 60. Kxf6 1-0

[Event "International Chess Tournament Paracin 2"]
[Site "Paracin, Serbia"]
[Date "2021.07.14"]
[Round "7.14"]
[White "Stankovic, Milos"]
[Black "Annaberdiev, Meilis"]
[Result "0-1"]
[WhiteElo "2421"]
[BlackElo "2532"]
[PlyCount "100"]
[EventDate "2021.??.??"]

1. e4 c5 2. Nf3 e6 3. d4 cxd4 4. Nxd4 Nc6 5. Nc3 Qc7 6. Be2 Nf6 7. Be3 a6 8. a3
Be7 9. f4 d6 10. g4 Nxd4 11. Qxd4 e5 12. Qd2 Nxg4 13. Bxg4 Bxg4 14. f5 Qc4 15.
Qg2 Bh5 16. Nd5 Rc8 17. Rc1 Bd8 18. Rg1 Ba5+ 19. c3 Qd3 20. Rf1 Bd8 21. f6 Rc4
22. Qc2 Qxc2 23. Rxc2 Rxe4 24. fxg7 Rg8 25. Rg2 Bg4 26. Rg3 Rxg7 27. h3 Bh4 28.
Kd2 Bxg3 29. Nf6+ Ke7 30. Nxe4 Bxh3 31. Rg1 Bg2 32. Bg5+ Rxg5 33. Nxg5 Bf4+ 34.
Kd3 Bxg5 35. Rxg2 h6 36. c4 f5 37. b4 Ke6 38. b5 axb5 39. cxb5 Kd5 40. Rc2 e4+
41. Ke2 f4 42. a4 Bd8 43. Rc8 Bb6 44. Rf8 f3+ 45. Kf1 h5 46. Rf5+ Ke6 47. Rxh5
e3 48. Rh6+ Kf5 49. Rxd6 e2+ 50. Ke1 Ba5+ 0-1

[Event "International Chess Tournament Paracin 2"]
[Site "Paracin, Serbia"]
[Date "2021.07.14"]
[Round "7.15"]
[White "Sadikhov, Ulvi"]
[Black "Bhambure, Shantanu"]
[Result "0-1"]
[WhiteElo "2490"]
[BlackElo "2391"]
[PlyCount "138"]
[EventDate "2021.??.??"]

1. e4 c5 2. Nf3 d6 3. d4 cxd4 4. Nxd4 Nf6 5. Nc3 a6 6. h3 e5 7. Nde2 h5 8. g3
Be7 9. Bg2 b5 10. Nd5 Nxd5 11. Qxd5 Ra7 12. Be3 Rb7 13. O-O Nd7 14. Qd2 O-O 15.
f4 Nf6 16. b3 Rb8 17. Nc3 b4 18. Nd5 Nxd5 19. exd5 exf4 20. Rxf4 Bf6 21. Raf1
Be5 22. Rh4 Bxg3 23. Rxh5 f5 24. Bd4 Be5 25. Bf3 Bxd4+ 26. Qxd4 Qb6 27. Qxb6
Rxb6 28. Re1 Kf7 29. Rh4 Bd7 30. Bh5+ Kf6 31. Rc4 Rb7 32. h4 Rc8 33. Be2 Re8
34. Kf2 a5 35. Bf3 Rxe1 36. Kxe1 Ke5 37. Kf2 Be8 38. Rc8 Bf7 39. Ke3 g6 40. Ra8
Rc7 41. Rxa5 Rc3+ 42. Ke2 Rxc2+ 43. Ke1 Rc3 44. Kf2 Rc5 45. Ra4 Bxd5 46. Bxd5
Rxd5 47. Rxb4 Rd2+ 48. Kf3 Rxa2 49. Rb8 Rh2 50. Re8+ Kf6 51. Kg3 Rc2 52. Kf4
Rg2 53. Rf8+ Kg7 54. Rd8 Rg4+ 55. Kf3 Rxh4 56. Rxd6 Rh3+ 57. Kf4 Rxb3 58. Kg5
Rg3+ 59. Kf4 Rg4+ 60. Kf3 Ra4 61. Rb6 Kh6 62. Kg3 Kg5 63. Kf3 Ra3+ 64. Kf2 Kh5
65. Rf6 Ra5 66. Kf3 g5 67. Rb6 Ra3+ 68. Kf2 g4 69. Kg2 f4 0-1

[Event "International Chess Tournament Paracin 2"]
[Site "Paracin, Serbia"]
[Date "2021.07.14"]
[Round "7.16"]
[White "Raja, Rithvik R"]
[Black "Raja, Harshit"]
[Result "1/2-1/2"]
[WhiteElo "2408"]
[BlackElo "2484"]
[PlyCount "37"]
[EventDate "2021.??.??"]

1. d4 Nf6 2. c4 e6 3. Nf3 d5 4. Nc3 c5 5. cxd5 exd5 6. Bg5 Be6 7. e4 Be7 8.
Bb5+ Nc6 9. Bxf6 Bxf6 10. O-O O-O 11. Bxc6 bxc6 12. exd5 Bxd5 13. Nxd5 Qxd5 14.
dxc5 Qxc5 15. Rb1 Rfd8 16. Qa4 Qb5 17. Qc2 Rd3 18. Rfd1 Rxd1+ 19. Qxd1 1/2-1/2

[Event "International Chess Tournament Paracin 2"]
[Site "Paracin, Serbia"]
[Date "2021.07.14"]
[Round "7.17"]
[White "Perez Gormaz, Matias"]
[Black "Aitbayev, Aslan"]
[Result "0-1"]
[WhiteElo "2400"]
[BlackElo "2475"]
[PlyCount "118"]
[EventDate "2021.??.??"]

1. d4 d6 2. Nf3 g6 3. g3 Bg7 4. Bg2 Nf6 5. O-O O-O 6. c4 Nc6 7. Nc3 e5 8. dxe5
dxe5 9. Bg5 Be6 10. Qa4 Qc8 11. Nd2 Bh3 12. Bxf6 Bxf6 13. Nd5 Bd8 14. Ne4 Nd4
15. e3 Bxg2 16. Kxg2 Ne6 17. Ndf6+ Bxf6 18. Nxf6+ Kg7 19. Nd7 Rd8 20. Rad1 f6
21. Rd3 b5 22. Qd1 bxc4 23. Rd5 Qb7 24. Kg1 Qc6 25. Qf3 Ng5 26. Qg2 e4 27. Rfd1
Rab8 28. Nxb8 Rxd5 29. Nxc6 Rxd1+ 30. Qf1 Nf3+ 31. Kg2 Rxf1 32. Kxf1 a6 33. Ke2
Kf7 34. a4 Ke6 35. Nb4 Kd6 36. Nxa6 c5 37. a5 Ne5 38. Nb8 Kc7 39. Na6+ Kc6 40.
Kd2 Nd7 41. Kc3 Kb7 42. Nxc5+ Nxc5 43. Kxc4 Nd3 44. b4 Nxf2 45. b5 Ng4 46. Kd4
f5 47. h3 Nf2 48. Kc5 Nd3+ 49. Kd4 Nb4 50. Ke5 Nc2 51. Kf4 h5 52. g4 fxg4 53.
hxg4 h4 54. g5 Ne1 55. Kg4 Nf3 56. Kh3 Nd4 57. b6 Nc6 58. Kxh4 Nxa5 59. Kg4 Kc6
0-1

[Event "International Chess Tournament Paracin 2"]
[Site "Paracin, Serbia"]
[Date "2021.07.14"]
[Round "7.18"]
[White "Gavrilescu, David"]
[Black "Mullick, Raahil"]
[Result "1-0"]
[WhiteElo "2470"]
[BlackElo "2386"]
[PlyCount "77"]
[EventDate "2021.??.??"]

1. e4 c5 2. Nf3 d6 3. d4 cxd4 4. Nxd4 Nf6 5. Nc3 a6 6. g3 e5 7. Nf3 Be7 8. Nh4
O-O 9. Bg2 b5 10. Nf5 Bb7 11. a3 Nc6 12. Bg5 Ne8 13. Be3 Bg5 14. Bxg5 Qxg5 15.
Nd5 g6 16. Nfe3 Qd8 17. Qd3 Nf6 18. Nxf6+ Qxf6 19. Rd1 Rad8 20. h4 Ne7 21. O-O
Kh8 22. Rd2 Qg7 23. a4 f5 24. axb5 fxe4 25. Bxe4 Bxe4 26. Qxe4 axb5 27. Rfd1
Nf5 28. c3 Qa7 29. Kg2 Nxe3+ 30. Qxe3 Qb7+ 31. f3 Rf6 32. Rxd6 Rdf8 33. Rxf6
Rxf6 34. Rd8+ Kg7 35. Re8 Qd5 36. Re7+ Rf7 37. Rxe5 Qb3 38. Qe2 b4 39. Rb5 1-0

[Event "International Chess Tournament Paracin 2"]
[Site "Paracin, Serbia"]
[Date "2021.07.14"]
[Round "7.19"]
[White "Dudin, Gleb"]
[Black "Vatsal, Singhania"]
[Result "1/2-1/2"]
[WhiteElo "2439"]
[BlackElo "2371"]
[PlyCount "70"]
[EventDate "2021.??.??"]

1. Nf3 d5 2. g3 Nf6 3. Bg2 c6 4. O-O Bf5 5. d3 h6 6. Nbd2 e6 7. c4 Be7 8. b3
O-O 9. Bb2 Bh7 10. a3 a5 11. Bc3 c5 12. cxd5 exd5 13. d4 Nc6 14. e3 Re8 15. Ne5
Bd6 16. Nxc6 bxc6 17. dxc5 Bxc5 18. b4 Bf8 19. Qb3 Rb8 20. Qa4 axb4 21. axb4
Ne4 22. Nxe4 Bxe4 23. Rfc1 Bxg2 24. Kxg2 Re6 25. Rab1 Qd7 26. Bd4 h5 27. h4 Rg6
28. Rb2 Be7 29. Rbc2 Rxb4 30. Qa8+ Kh7 31. Rxc6 Rxc6 32. Rxc6 Qf5 33. Qe8 Qe4+
34. f3 Qd3 35. Qxf7 Qe2+ 1/2-1/2

[Event "International Chess Tournament Paracin 2"]
[Site "Paracin, Serbia"]
[Date "2021.07.14"]
[Round "7.20"]
[White "Mohammad, Nubairshah Shaikh"]
[Black "Grieve, Harry"]
[Result "1-0"]
[WhiteElo "2436"]
[BlackElo "2351"]
[PlyCount "53"]
[EventDate "2021.??.??"]

1. d4 d5 2. c4 e6 3. Nf3 c6 4. Qc2 Nf6 5. Bg5 dxc4 6. Qxc4 Nbd7 7. Nc3 h6 8.
Bh4 a6 9. Rd1 b5 10. Qxc6 Ra7 11. Bxf6 gxf6 12. Qe4 Qa5 13. Nd2 Bb4 14. e3 Rc7
15. Be2 Bxc3 16. bxc3 Rxc3 17. O-O Qxa2 18. Bf3 Ke7 19. Qf4 Rc2 20. Ra1 Qb2 21.
Ne4 e5 22. Qh4 Bb7 23. Nxf6 Nxf6 24. Bxb7 a5 25. Rab1 Qc3 26. Be4 Rg8 27. dxe5
1-0

[Event "International Tournament "]
[Site "Pool "]
[Date "2021.07.14"]
[Round "7.21"]
[White "Zarubitski, Viachaslau"]
[Black "Sredojevic, Ivan"]
[Result "1-0"]
[WhiteElo "2426"]
[BlackElo "2284"]
[PlyCount "45"]
[EventDate "2021.07.09"]

1. e4 d6 2. d4 Nf6 3. Nc3 e5 4. Nf3 Nbd7 5. g4 Nxg4 6. Rg1 Ngf6 7. Bc4 h6 8.
Qe2 c6 9. Bb3 b5 10. a4 Qa5 11. Bd2 Ba6 12. Nd5 Qd8 13. Nxf6+ Qxf6 14. axb5 Bb7
15. bxc6 Bxc6 16. d5 Bb7 17. Ba4 Qd8 18. Ra3 a6 19. Kd1 Rb8 20. Ba5 Qf6 21. Rb3
Ke7 22. Bxd7 Kxd7 23. Qc4 1-0

[Event "International Tournament "]
[Site "Pool "]
[Date "2021.07.14"]
[Round "7.22"]
[White "Tsaknakis, Zisis"]
[Black "Savic, Miodrag R"]
[Result "1-0"]
[WhiteElo "2236"]
[BlackElo "2421"]
[PlyCount "223"]
[EventDate "2021.07.09"]

1. e4 d5 2. exd5 Qxd5 3. Nc3 Qa5 4. d4 c6 5. Nf3 Nf6 6. Bc4 Bf5 7. Bd2 Nbd7 8.
Qe2 Qc7 9. Ne5 e6 10. O-O-O h5 11. Nxd7 Kxd7 12. d5 cxd5 13. Bg5 Kc8 14. Bxd5
Bb4 15. Bxf6 gxf6 16. Rd4 Bc5 17. Rc4 Bg4 18. Bf3 Bxf3 19. gxf3 a5 20. Na4 b6
21. Nxc5 bxc5 22. Qe3 Ra6 23. Rxc5 Rc6 24. Rxc6 Qxc6 25. Rd1 Rd8 26. Rxd8+ Kxd8
27. Qd2+ Ke8 28. Qxa5 Qxf3 29. Qb5+ Kf8 30. Qb8+ Ke7 31. Qa7+ Ke8 32. Qa4+ Kd8
33. Qd4+ Ke8 34. a4 Qh1+ 35. Kd2 Qxh2 36. a5 e5 37. Qe3 Qg2 38. a6 Qd5+ 39. Qd3
Qa5+ 40. Ke2 Qb6 41. Qc4 Kd8 42. Qa4 Qa7 43. Qc6 h4 44. Qxf6+ Kc8 45. Qc6+ Kd8
46. Qd6+ Ke8 47. Qxe5+ Kd8 48. Qd6+ Ke8 49. Qe5+ Kd8 50. Qd5+ Ke8 51. Qe4+ Kf8
52. Qb4+ Kg8 53. Qb7 Qc5 54. a7 Qxc2+ 55. Ke3 Qc1+ 56. Kd4 Qd2+ 57. Ke5 Qg5+
58. Kd6 Qf4+ 59. Kd7 Qf5+ 60. Kd8 Qg5+ 61. Qe7 Qd5+ 62. Kc7 h3 63. Qa3 Qe5+ 64.
Kb6 Qe6+ 65. Kb5 Qd7+ 66. Kc4 Qc6+ 67. Kd4 Qf6+ 68. Ke3 Qe5+ 69. Kd2 Qd5+ 70.
Qd3 Qg5+ 71. Kc2 Qg2 72. Qg3+ Kh7 73. Qxg2 hxg2 74. a8=Q g1=Q 75. Qe4+ Kg8 76.
Qf5 Kg7 77. Qe5+ Kf8 78. Qf6 Qa1 79. Qd6+ Ke8 80. f4 Qa4+ 81. Kc3 Qa1 82. Kc2
Qa4+ 83. b3 Qa2+ 84. Kc3 Qa1+ 85. Kc4 f6 86. b4 Qc1+ 87. Kd5 Kf7 88. b5 Qh1+
89. Kc5 Qc1+ 90. Kb6 Qe3+ 91. Kc6 Kg6 92. b6 Qe4+ 93. Kd7 Qb7+ 94. Kd8 Qa6 95.
Qc6 Qa5 96. Ke7 Qb4+ 97. Qd6 Qe4+ 98. Kd8 Qb7 99. Qd3+ f5 100. Qg3+ Kf7 101.
Qb3+ Kf6 102. Qc3+ Kg6 103. Qc7 Qd5+ 104. Ke7 Qe4+ 105. Kd7 Kh5 106. b7 Qd5+
107. Ke7 Qe4+ 108. Kf6 Qd4+ 109. Kf7 Qd5+ 110. Kg7 Qd4+ 111. Kh7 Qf6 112. Qg7
1-0

[Event "International Tournament "]
[Site "Pool "]
[Date "2021.07.14"]
[Round "7.23"]
[White "Beydullayeva, Govhar"]
[Black "Puranik, Abhimanyu"]
[Result "0-1"]
[WhiteElo "2264"]
[BlackElo "2589"]
[Annotator "Balkanchess"]
[PlyCount "30"]
[EventDate "2021.07.09"]

1. c4 c5 2. Nf3 Nf6 3. Nc3 d5 4. cxd5 Nxd5 5. d4 Nxc3 6. bxc3 g6 7. h4 Bg7 8.
h5 cxd4 9. cxd4 Na6 10. e3 O-O 11. Bd3 e5 12. hxg6 hxg6 13. Rb1 exd4 14. Rb5
dxe3 15. Bxe3 Re8 {...31} 0-1

[Event "International Tournament "]
[Site "Pool "]
[Date "2021.07.14"]
[Round "7.24"]
[White "Jocev, Milan"]
[Black "Prithu, Gupta"]
[Result "1/2-1/2"]
[WhiteElo "2260"]
[BlackElo "2472"]
[PlyCount "119"]
[EventDate "2021.07.09"]

1. d4 Nf6 2. Nf3 e6 3. Bg5 h6 4. Bxf6 Qxf6 5. e3 d6 6. Nbd2 g6 7. c3 Bg7 8. Bd3
Qe7 9. Qe2 e5 10. dxe5 dxe5 11. e4 Nd7 12. Nc4 Nc5 13. Bc2 O-O 14. Ne3 c6 15.
O-O b6 16. Rfd1 Ba6 17. Qe1 Rad8 18. Rxd8 Rxd8 19. Rd1 h5 20. b4 Ne6 21. Bb3
Nf4 22. Bc4 b5 23. Bf1 Bc8 24. Rxd8+ Qxd8 25. Qd2 Qf6 26. g3 Nh3+ 27. Kg2 Bg4
28. Nxg4 hxg4 29. Ng1 Ng5 30. Bd3 Qd8 31. f3 a6 32. Qe2 c5 33. bxc5 Ne6 34. c6
Qb6 35. fxg4 Qxc6 36. Nf3 Qxc3 37. h4 Nc5 38. Bc2 Qb2 39. h5 Qxa2 40. Qd2 Qc4
41. hxg6 fxg6 42. Bb1 Nxe4 43. Qd8+ Bf8 44. Bxe4 Qxe4 45. Qf6 Qxg4 46. Qxa6 e4
47. Qa2+ Kh7 48. Qf7+ Bg7 49. Nd4 b4 50. Qe7 Kh6 51. Qxb4 Be5 52. Qd2+ Kh5 53.
Qe3 g5 54. Ne2 Qf5 55. Qf2 Qe6 56. Qe3 Qd5 57. g4+ Kg6 58. Ng3 Bxg3 59. Kxg3
Qd6+ 60. Kg2 1/2-1/2